000 01401nam a2200385 i 4500
001 63361
003 FINmELB
005 20241217142331.0
006 m o d |
007 cr cnu||||||||
008 240424s2012 sp o 001 0 spa d
020 _a9788418661365
_q(e-book)
035 _a(OCoLC)1435562542
040 _aFINmELB
_bspa
_erda
_cFINmELB
050 4 _aPQ6652.U75
_bR382 2012
080 _a321.134.2
082 0 4 _a863.64
_223
100 1 _aBurgos, Juan de,
_eautor.
245 1 4 _aLos relatos de Gudor Ben Jusá /
_cJuan de Burgos.
250 _aSegunda edición.
264 1 _aMadrid :
_bUPM Press,
_c2012.
300 _a1 recurso en línea (285 páginas)
336 _atexto
_btxt
_2rdacontent/spa
337 _acomputadora
_bc
_2rdamedia/spa
338 _arecurso en línea
_bcr
_2rdacarrier/spa
490 1 _aSerie Divulgativa UPM Press
500 _aIncluye índice.
588 _aDescripción basada en metadatos suministrados por el editor y otras fuentes.
590 _aRecurso electrónico. Santa Fe, Arg.: elibro, 2024. Disponible vía World Wide Web. El acceso puede estar limitado para las bibliotecas afiliadas a elibro.
650 4 _aNovela española
_xCuenstos cortos.
655 4 _aLibros electrónicos.
797 2 _aelibro, Corp.
830 0 _aSerie Divulgativa UPM Press.
856 4 0 _uhttps://elibro.net/ereader/politecnicointernacional/256912
999 _c63361
_d63361